| 000 | 00848nam a22002297a 4500 | ||
|---|---|---|---|
| 001 | 76057 | ||
| 003 | BD-RjUL | ||
| 005 | 20211209082800.0 | ||
| 008 | 191017r20192016 ||||| |||| 00| 0 ben d | ||
| 020 | _a9847012005682 | ||
| 035 | _a(BD-RjUL) | ||
| 040 |
_aBD-RjUL _beng _cBD-RjUL |
||
| 041 | _aeng | ||
| 082 |
_223 _a954.9205 _bALA 2019 |
||
| 100 |
_aআলম, স.ম. শামসুল _9233847 |
||
| 245 |
_aআমার বঙ্গবন্ধু / _cস.ম. শামসুল আলম |
||
| 260 |
_aঢাকা : _bকথাপ্রকাশ, _c২০১৬ [মুদ্রণ ২০১৯] |
||
| 300 |
_a১৬৭ পৃ. ; _c২২ সেমি. |
||
| 600 |
_aমুজিবুর রহমান, _cশেখ, _d১৯২০-১৯৭৫ _9233848 |
||
| 600 |
_aMujibur Rahman, _cSheikh, _d1920-1975 _9233849 |
||
| 942 |
_2ddc _cBK |
||
| 999 |
_c76057 _d76057 |
||